Khoa cử qua các triều đại phong kiến Luận văn tốt nghiệp Đại học Sư phạm ngành Sử Khóa 19

में बचाया:
ग्रंथसूची विवरण
मुख्य लेखक: Võ Thụy Tường Vi
स्वरूप: पुस्तक
भाषा:Undetermined
प्रकाशित: Cần Thơ Trường Đại Học Cần Thơ, khoa Sư phạm 1997
विषय:
टैग : टैग जोड़ें
कोई टैग नहीं, इस रिकॉर्ड को टैग करने वाले पहले व्यक्ति बनें!
Thư viện lưu trữ: Trung tâm Học liệu Trường Đại học Cần Thơ
LEADER 00663nam a2200181Ia 4500
001 CTU_18879
008 210402s9999 xx 000 0 und d
082 |a 959.7 
082 |b V300 
100 |a Võ Thụy Tường Vi 
245 0 |a Khoa cử qua các triều đại phong kiến 
245 0 |b Luận văn tốt nghiệp Đại học Sư phạm ngành Sử Khóa 19 
245 0 |c Võ Thụy Tường Vi 
260 |a Cần Thơ 
260 |b Trường Đại Học Cần Thơ, khoa Sư phạm 
260 |c 1997 
650 |a vietnam - history - study and teaching 
980 |a Trung tâm Học liệu Trường Đại học Cần Thơ